Exposing the demagogues : right-wing and national populist parties in Europe
Saved in:
| Other Authors: | , |
|---|---|
| Format: | Book |
| Language: | English |
| Published: |
Brussels :
Konrad Adenauer Stiftung: Centre for European Studies,
2013.
|
| Subjects: | |
| Tags: |
Add Tag
No Tags, Be the first to tag this record!
|
MARC
| LEADER | 00000cam a2200000 a 4500 | ||
|---|---|---|---|
| 001 | 1/121245 | ||
| 008 | 200413s2013####be ||||||| |||| ||eng|| | ||
| 020 | |a 978930632261 | ||
| 040 | |a GR-MyUa |b gre |c GR-MyUa |e AACR2 | ||
| 041 | 0 | |a eng | |
| 082 | 7 | |a 320.56094 |2 (23) | |
| 245 | 0 | 0 | |a Exposing the demagogues : |b right-wing and national populist parties in Europe / |c karsten Grabow and Florian Hartleb (eds.). |
| 260 | |a Brussels : |b Konrad Adenauer Stiftung: Centre for European Studies, |c 2013. | ||
| 300 | |a 417 σ. ; |c 23 εκ. | ||
| 650 | 0 | |a Populism |z Europe. | |
| 650 | 0 | |a Right-wing extremists |z Europe. | |
| 650 | 0 | |a Political parties |z Europe. | |
| 651 | 0 | |a Europe |x Politics and government |y 21st century. | |
| 700 | 1 | |a Grabow, Karsten, |e edt | |
| 700 | 1 | |a Hartleb, Florian, |e edt | |
| 852 | |a INST |b LESVOS |e 20200413 |h 320.56094 EXP |p 005100062500 |q 005100062500 |t BK |y 0 | ||
| 920 | |a Centre for European Studies |y Λέσβος |z 2014-05 | ||
| 970 | |a Δημάκη |b Μαρία |z 13-04-2020 | ||